Guess the Kpop group based on my favorite songs - Statistics

General Stats
  • This quiz has been taken 107 times
  • The average score is 10 of 12
Answer Stats
Hint Answer % Correct
Cry for me · Likey · Rush · The feels · Cheer up Twice
93%
Future Perfect · Bite me · Scream · Criminal love · Home Enhypen
89%
Count on me · Spicy · Mine · Dopamine · Armageddon Aespa
84%
House of Cards · War of Hormone · Persona · Mikrokosmos · Spring Day BTS
84%
Loco · None of my business · Style · Mr Vampire · Cheshire Itzy
84%
Allergy · Fate · Oh my god · I want that · My bag Idle
83%
Opening Sequence · I’ll see you there tomorrow · Can’t you see me · Blue spring · We lost the summer TXT
80%
Left & Right · 2 minus 1 · Fear · April Shower · Eyes on you Seventeen
79%
Butterflies · Item · Sorry I love you · Awkward Silence · Miroh Stray Kids
79%
Halazia · Blind · Django · Cyberpunk · Arriba Ateez
77%
Power · Let me in · Lotto · Love fool · Monster Exo
74%
Bite back · Keeper · Thrill Ride · Checkmate · Diamond life The Boyz
60%
No matching quizzes found
Score Distribution
Percent of People with Each Score
Percentile by Number Answered
Your Score History
You have not taken this quiz